| 000 | 01265nam a22003377a 4500 | ||
|---|---|---|---|
| 003 | EG-ScBUE | ||
| 005 | 20220703121511.0 | ||
| 008 | 140417t2008 enkaeo f 000 0 eng d | ||
| 020 | _a1424000661 | ||
| 020 | _a9781424000661 | ||
| 040 |
_aEG-ScBUE _beng _erda _cEG-ScBUE _dEG-ScBUE |
||
| 082 | 0 | 4 |
_222 _bPIL _a428.2402465 |
| 100 | 1 |
_935928 _aPilbeam, Adrian, _eauthor. |
|
| 245 | 1 | 0 |
_aBest practice upper intermediate : _bbusiness English in a global context, _pWorkbook / _cAdrian Pilbeam and Rebecca Utteridge. |
| 246 | 3 | 0 | _aWorkbook |
| 264 | 1 |
_aLondon : _bThomson Learning, _c[2008] |
|
| 264 | 4 | _cc2008 | |
| 300 |
_a80 pages : _bphotographs, plans, tables ; _c30 cm |
||
| 336 |
_2rdacontent _atext _btxt |
||
| 337 |
_2rdamedia _aunmediated _bn |
||
| 338 |
_2rdacarrier _avolume _bnc |
||
| 650 | 7 |
_aEnglish language _xBusiness English _vTerminology. _935932 _2BUEsh |
|
| 650 | 7 |
_aBusiness communication _xTerminology. _2BUEsh _935931 |
|
| 650 | 7 |
_aBusiness communication _vProblems, exercises, etc. _2BUEsh _935933 |
|
| 650 | 7 |
_aEnglish language _xBusiness English _vProblems, exercises, etc. _2BUEsh _923274 |
|
| 651 | _2BUEsh | ||
| 653 |
_cApril2014 _bHHUUEENN |
||
| 655 |
_vReading book _934232 |
||
| 700 | 1 |
_aUtteridge, Rebecca, _eauthor. _935929 |
|
| 942 |
_2ddc _cBB |
||
| 999 |
_c18229 _d18201 |
||